[Event "Sant Adria de Besos op-A 5th"]
[Site "Sant Adria de Besos"]
[Date "2023.08.16"]
[Round "7"]
[White "Thakur, Akash"]
[Black "Marches Rios, Joan Manuel"]
[Result "1-0"]
[WhiteElo "2211"]
[BlackElo "1985"]
[PlyCount "43"]
[EventDate "2023.08.11"]
[EventType "swiss"]
[EventRounds "9"]
[EventCountry "ESP"]
[SourceTitle "EXT 2024"]
[Source "ChessBase"]
[SourceDate "2023.10.10"]
[SourceVersion "1"]
[SourceVersionDate "2023.10.10"]
[SourceQuality "1"]

1. d4 d5 2. Nf3 Nf6 3. c3 e6 4. Bf4 h6 5. e3 Bd6 6. Nbd2 0-0 7. Bd3 b6 8. Ne5 Bb7 9. Qf3 c5 10. g4 Nc6 11. Nxc6 Bxc6 12. g5 hxg5 13. Bxg5 e5 14. dxe5 Bxe5 15. 0-0-0 Qc7 16. Qh3 Ne4 17. Nxe4 dxe4 18. Bc2 b5 19. f4 Bd6 20. Bf6 Rfe8 21. Rhg1 Bf8 22. Qh6 1-0

[Event "Sant Adria de Besos op-A 5th"]
[Site "Sant Adria de Besos"]
[Date "2023.08.13"]
[Round "3"]
[White "Brito Carrascal, Camilo Andres"]
[Black "Marches Rios, Joan Manuel"]
[Result "1-0"]
[WhiteElo "1900"]
[BlackElo "1985"]
[PlyCount "63"]
[EventDate "2023.08.11"]
[EventType "swiss"]
[EventRounds "9"]
[EventCountry "ESP"]
[SourceTitle "EXT 2024"]
[Source "ChessBase"]
[SourceDate "2023.10.10"]
[SourceVersion "1"]
[SourceVersionDate "2023.10.10"]
[SourceQuality "1"]

1. e4 c6 2. d4 d5 3. Nc3 dxe4 4. Nxe4 Nd7 5. Bd3 Ngf6 6. Ng5 e6 7. N1f3 Bd6 8. Qe2 h6 9. Ne4 Nxe4 10. Qxe4 Qc7 11. Qg4 g5 12. Nd2 Nf6 13. Qf3 Ke7 14. Nc4 g4 15. Qe2 Bf4 16. Bd2 Bxd2+ 17. Qxd2 b6 18. 0-0-0 Bb7 19. Ne5 c5 20. Qf4 Rac8 21. dxc5 Qxc5 22. c3 Rcd8 23. Bg6 fxg6 24. Nxg6+ Kf7 25. Nxh8+ Rxh8 26. Rd7+ Kg6 27. Rxb7 Qd5 28. Rxa7 Rd8 29. f3 e5 30. Qe3 gxf3 31. gxf3 e4 32. Ra4 1-0

[Event "Sant Adria de Besos op 17th"]
[Site "Sant Adria de Besos"]
[Date "2023.05.21"]
[Round "5"]
[White "Marches Rios, Joan Manuel"]
[Black "Lopez Diaz, Daniel"]
[Result "1-0"]
[WhiteElo "2154"]
[BlackElo "1993"]
[PlyCount "57"]
[EventDate "2023.04.02"]
[EventType "swiss"]
[EventRounds "9"]
[EventCountry "ESP"]
[SourceTitle "EXT 2024"]
[Source "ChessBase"]
[SourceDate "2023.10.10"]
[SourceVersion "1"]
[SourceVersionDate "2023.10.10"]
[SourceQuality "1"]

1. d4 d5 2. Bf4 e6 3. e3 Bd6 4. Bg3 Nf6 5. Nd2 b6 6. Bb5+ c6 7. Bd3 Bxg3 8. hxg3 Ba6 9. Bxa6 Nxa6 10. Ngf3 Qd6 11. c3 Nc7 12. Ne5 Ke7 13. Qf3 Rhf8 14. e4 dxe4 15. Nxe4 Qd5 16. Nxf6 Qxf3 17. gxf3 gxf6 18. Nxc6+ Kd7 19. Nb4 Nb5 20. Nc2 Nd6 21. Ne3 e5 22. dxe5 fxe5 23. 0-0-0 Ke6 24. Rh6+ f6 25. Rdh1 Rf7 26. R1h5 Kd7 27. Ng4 Ke7 28. b3 Nb5 29. Nxe5 1-0

[Event "Barcelona FIDE Group"]
[Site "Barcelona"]
[Date "2021.07.11"]
[Round "6"]
[White "Bernado Lopez, Roger"]
[Black "Marches Rios, Joan Manuel"]
[Result "1-0"]
[WhiteElo "2062"]
[BlackElo "2015"]
[PlyCount "71"]
[EventDate "2021.07.06"]
[EventType "tourn"]
[EventRounds "7"]
[EventCountry "ESP"]
[SourceTitle "EXT 2022"]
[Source "ChessBase"]
[SourceDate "2021.10.06"]
[SourceVersion "1"]
[SourceVersionDate "2021.10.06"]
[SourceQuality "1"]

1. e4 c6 2. d4 d5 3. f3 e6 4. Nc3 Nf6 5. e5 Nfd7 6. f4 c5 7. Nf3 Nc6 8. Be3 a6 9. Qd2 b5 10. dxc5 Nxc5 11. Qf2 b4 12. Bxc5 bxc3 13. b3 Qa5 14. Bxf8 Rxf8 15. Bd3 Rb8 16. Ke2 Qb6 17. Qxb6 Rxb6 18. a3 Ke7 19. Ke3 Bd7 20. h4 h6 21. Rh3 Rc8 22. Rg3 Kf8 23. Nd4 Nxd4 24. Kxd4 Rbc6 25. h5 R8c7 26. Rh1 Rc5 27. Rh4 Ra5 28. Rhg4 Rxa3 29. Rxg7 Ra2 30. Rh7 Bb5 31. Rxh6 Bxd3 32. Kxd3 Ra1 33. Rh8+ Ke7 34. h6 Rd1+ 35. Ke3 d4+ 36. Ke4 1-0

[Event "Barcelona FM 08"]
[Site "Barcelona"]
[Date "2020.08.13"]
[Round "3"]
[White "Fernandez Aguilar, Francisco"]
[Black "Marches Rios, Joan Manuel"]
[Result "1-0"]
[WhiteElo "2151"]
[BlackElo "2079"]
[PlyCount "55"]
[EventDate "2020.08.11"]
[EventType "tourn"]
[EventRounds "9"]
[EventCountry "ESP"]
[SourceTitle "EXT 2021"]
[Source "ChessBase"]
[SourceDate "2020.10.23"]
[SourceVersion "1"]
[SourceVersionDate "2020.10.23"]
[SourceQuality "1"]

1. d4 d5 2. Nf3 Nf6 3. c4 e6 4. g3 Be7 5. Bg2 0-0 6. 0-0 dxc4 7. Qc2 a6 8. a4 Nbd7 9. Nbd2 c5 10. dxc5 Bxc5 11. Nxc4 Nb6 12. Rd1 Qe7 13. b4 Nxc4 14. bxc5 Na5 15. Bf4 e5 16. Bxe5 Re8 17. e3 Bg4 18. Qc3 Nc6 19. Bxf6 gxf6 20. Rd6 Rac8 21. Qxf6 Bxf3 22. Qxf3 Ne5 23. Qxb7 Rxc5 24. Qxe7 Rxe7 25. Rxa6 Rec7 26. Ra8+ Kg7 27. Rd8 Rc2 28. a5 1-0

[Event "Barcelona FM 08"]
[Site "Barcelona"]
[Date "2020.08.12"]
[Round "2"]
[White "Marches Rios, Joan Manuel"]
[Black "Garcia Ruiz, Adrian"]
[Result "1/2-1/2"]
[WhiteElo "2079"]
[BlackElo "2048"]
[PlyCount "30"]
[EventDate "2020.08.11"]
[EventType "tourn"]
[EventRounds "9"]
[EventCountry "ESP"]
[SourceTitle "EXT 2021"]
[Source "ChessBase"]
[SourceDate "2020.10.23"]
[SourceVersion "1"]
[SourceVersionDate "2020.10.23"]
[SourceQuality "1"]

1. d4 Nf6 2. Nf3 d5 3. Bg5 Ne4 4. Bf4 c5 5. e3 Nc6 6. c3 e6 7. Nbd2 Nxd2 8. Qxd2 Bd6 9. Bg3 0-0 10. Bd3 Ne7 11. 0-0 Nf5 12. Bxd6 Qxd6 13. Bxf5 exf5 14. dxc5 Qxc5 15. Rfd1 Be6 1/2-1/2

[Event "Barcelona Barri Gotic op 7th"]
[Site "Barcelona"]
[Date "2019.03.26"]
[Round "7.4"]
[White "Flores Linan, Josep Luis"]
[Black "Marches Rios, Joan Manuel"]
[Result "0-1"]
[WhiteElo "1778"]
[BlackElo "2058"]
[PlyCount "104"]
[EventDate "2019.02.12"]
[EventType "swiss"]
[EventRounds "9"]
[EventCountry "ESP"]
[SourceTitle "EXT 2024"]
[Source "ChessBase"]
[SourceDate "2023.10.10"]
[SourceVersion "1"]
[SourceVersionDate "2023.10.10"]
[SourceQuality "1"]

1. d4 c6 2. c4 d5 3. cxd5 cxd5 4. Nf3 Nc6 5. Nc3 Nf6 6. e3 a6 7. Bd3 Bg4 8. h3 Bh5 9. 0-0 e6 10. Be2 Bd6 11. a3 Rc8 12. Bd2 0-0 13. Rc1 Na5 14. Ne1 Bxe2 15. Qxe2 Nc4 16. Nd3 b5 17. Rfd1 Qb6 18. Qe1 a5 19. Na2 Ne4 20. Bc3 Rc7 21. b3 Nxc3 22. bxc4 Nxa2 23. c5 Bh2+ 24. Kxh2 Qb8 25. Ra1 Nc3 26. Rdc1 b4 27. Kg1 Qb5 28. Qd2 Ne4 29. Qd1 Nc3 30. Qf1 Rb8 31. axb4 axb4 32. Nf4 Qc4 33. Kh1 b3 34. Qxc4 dxc4 35. Rxc3 b2 36. Rb1 Ra7 37. Rxb2 Rxb2 38. Rxc4 Rxf2 39. c6 Rc7 40. d5 Rxf4 41. exf4 exd5 42. Rc5 Kf8 43. Rxd5 Ke7 44. Rc5 Kd6 45. Rc2 Rxc6 46. Rxc6+ Kxc6 47. g4 Kd5 48. Kg2 Ke4 49. Kg3 f5 50. g5 Ke3 51. h4 g6 52. h5 Ke4 0-1

[Event "Barcelona Tres Peons-A 21th"]
[Site "Barcelona"]
[Date "2019.02.20"]
[Round "7.8"]
[White "Marches Rios, Joan Manuel"]
[Black "Vargas Drechsler, Carlos"]
[Result "1/2-1/2"]
[WhiteElo "2058"]
[BlackElo "1895"]
[PlyCount "49"]
[EventDate "2019.01.09"]
[EventType "swiss"]
[EventRounds "9"]
[EventCountry "ESP"]
[SourceTitle "EXT 2024"]
[Source "ChessBase"]
[SourceDate "2023.10.10"]
[SourceVersion "1"]
[SourceVersionDate "2023.10.10"]
[SourceQuality "1"]

1. d4 Nf6 2. c4 c5 3. d5 e6 4. Nc3 exd5 5. cxd5 d6 6. Nf3 g6 7. Bg5 Bg7 8. e3 Bg4 9. Qa4+ Bd7 10. Qb3 Na6 11. Nd2 0-0 12. Be2 b5 13. Bxb5 Rb8 14. a4 Nc7 15. Qc4 a6 16. Bxd7 Qxd7 17. Rb1 Rb4 18. Qd3 Rfb8 19. 0-0 Rxb2 20. Bf4 Nfe8 21. Rxb2 Rxb2 22. Ndb1 Rb3 23. Qc4 Rb4 24. Qd3 Rb3 25. Qc4 1/2-1/2

[Event "Barcelona Tres Peons-A 21th"]
[Site "Barcelona"]
[Date "2019.02.13"]
[Round "6.3"]
[White "Capellades Subirana, Marc"]
[Black "Marches Rios, Joan Manuel"]
[Result "1-0"]
[WhiteElo "2125"]
[BlackElo "2058"]
[PlyCount "39"]
[EventDate "2019.01.09"]
[EventType "swiss"]
[EventRounds "9"]
[EventCountry "ESP"]
[SourceTitle "EXT 2024"]
[Source "ChessBase"]
[SourceDate "2023.10.10"]
[SourceVersion "1"]
[SourceVersionDate "2023.10.10"]
[SourceQuality "1"]

1. e4 c6 2. d4 d5 3. Nc3 dxe4 4. Nxe4 Nd7 5. Ng5 Ngf6 6. Bd3 e6 7. N1f3 Bd6 8. Qe2 h6 9. Nh3 Qc7 10. Bd2 b6 11. 0-0-0 g5 12. Rhe1 g4 13. Ne5 Bxe5 14. dxe5 gxh3 15. exf6 hxg2 16. Qg4 Bb7 17. Bf4 e5 18. Bf5 g1Q 19. Qxg1 0-0-0 20. Bxe5 1-0

[Event "Sant Adria de Besos op 2nd"]
[Site "Sant Adria de Besos"]
[Date "2018.08.15"]
[Round "7"]
[White "Vazquez Gamero, Miguel"]
[Black "Marches Rios, Joan Manuel"]
[Result "1/2-1/2"]
[WhiteElo "2101"]
[BlackElo "2060"]
[PlyCount "25"]
[EventDate "2018.08.10"]
[EventType "swiss"]
[EventRounds "9"]
[EventCountry "ESP"]
[SourceTitle "CBM 186 Extra"]
[Source "ChessBase"]
[SourceDate "2018.08.24"]
[SourceVersion "1"]
[SourceVersionDate "2018.08.24"]
[SourceQuality "1"]

1. d3 d5 2. g3 Nf6 3. Bg2 Bf5 4. Nf3 e6 5. 0-0 Be7 6. b3 c5 7. Bb2 Nc6 8. Nbd2 h6 9. e4 Bh7 10. exd5 exd5 11. Ne5 Nxe5 12. Bxe5 0-0 13. Re1 1/2-1/2

[Event "Barcelona Escacs op 2nd"]
[Site "Barcelona"]
[Date "2017.10.06"]
[Round "2"]
[White "Munoz Esteve, Antoni"]
[Black "Marches Rios, Joan Manuel"]
[Result "0-1"]
[WhiteElo "1611"]
[BlackElo "2059"]
[PlyCount "70"]
[EventDate "2017.09.29"]
[EventType "swiss"]
[EventRounds "9"]
[EventCountry "ESP"]
[SourceTitle "EXT 2019"]
[Source "ChessBase"]
[SourceDate "2018.10.10"]
[SourceVersion "1"]
[SourceVersionDate "2018.10.10"]
[SourceQuality "1"]

1. e4 c6 2. d4 d5 3. exd5 cxd5 4. c3 Nf6 5. Bf4 Nc6 6. Nd2 Bf5 7. Ngf3 e6 8. Bb5 Qb6 9. Qb3 Be7 10. Ne5 Rc8 11. Ndf3 0-0 12. Bxc6 bxc6 13. Qxb6 axb6 14. 0-0 h6 15. Rfe1 Rfd8 16. a4 Ne4 17. Nd2 g5 18. Nxe4 gxf4 19. Nd2 f6 20. Nef3 Kf7 21. b4 Ra8 22. Ra2 Ra7 23. Rea1 Rda8 24. a5 bxa5 25. Rxa5 Rxa5 26. Rxa5 Rxa5 27. bxa5 Bd3 28. Nb3 Bd8 29. Nc5 Bb5 30. Nd2 Bxa5 31. Nb1 e5 32. f3 Ke7 33. Kf2 Bc4 34. g3 Ba2 35. Nb7 Bb6 0-1

[Event "Sant Adria de Besos op 13th"]
[Site "Sant Adria de Besos"]
[Date "2017.06.18"]
[Round "9"]
[White "Marches Rios, Joan Manuel"]
[Black "Marti Olivella, Gerard"]
[Result "1-0"]
[WhiteElo "2186"]
[BlackElo "1870"]
[PlyCount "51"]
[EventDate "2017.04.23"]
[EventType "swiss"]
[EventRounds "9"]
[EventCountry "ESP"]
[SourceTitle "EXT 2018"]
[Source "ChessBase"]
[SourceDate "2017.10.13"]
[SourceVersion "1"]
[SourceVersionDate "2017.10.13"]
[SourceQuality "1"]

1. d4 d5 2. c4 c6 3. Nc3 Nf6 4. Nf3 e6 5. e3 Nbd7 6. Qc2 Bd6 7. Bd3 h6 8. 0-0 0-0 9. b3 e5 10. cxd5 cxd5 11. e4 dxe4 12. Nxe4 Nxe4 13. Bxe4 exd4 14. Bh7+ Kh8 15. Bb2 Nf6 16. Bf5 Bxf5 17. Qxf5 Re8 18. Rfe1 Rc8 19. Bxd4 Rxe1+ 20. Rxe1 Be7 21. g3 a6 22. Kg2 Kg8 23. Rxe7 Rc6 24. Bxf6 Rxf6 25. Qe4 Kf8 26. Rxb7 1-0

[Event "Sant Adria de Besos op 13th"]
[Site "Sant Adria de Besos"]
[Date "2017.06.04"]
[Round "7"]
[White "Capellades Subirana, Marc"]
[Black "Marches Rios, Joan Manuel"]
[Result "1/2-1/2"]
[WhiteElo "2331"]
[BlackElo "2186"]
[PlyCount "61"]
[EventDate "2017.04.23"]
[EventType "swiss"]
[EventRounds "9"]
[EventCountry "ESP"]
[SourceTitle "EXT 2018"]
[Source "ChessBase"]
[SourceDate "2017.10.13"]
[SourceVersion "1"]
[SourceVersionDate "2017.10.13"]
[SourceQuality "1"]

1. e4 c6 2. d4 d5 3. Nc3 dxe4 4. Nxe4 Bf5 5. Ng3 Bg6 6. Nf3 Nd7 7. Bc4 e6 8. Qe2 Bd6 9. 0-0 Ngf6 10. Ne5 0-0 11. h4 Qc7 12. Re1 c5 13. h5 Bf5 14. Nxf5 exf5 15. h6 g6 16. Nxf7 Rxf7 17. Bxf7+ Kxf7 18. Qe6+ Kf8 19. Bf4 Ne8 20. Bg5 cxd4 21. Be7+ Bxe7 22. Qxe7+ Kg8 23. Qe6+ Kf8 24. Qe7+ Kg8 25. Rad1 Ndf6 26. Qxc7 Nxc7 27. Re7 Rc8 28. Rxd4 Kf8 29. Re2 Re8 30. Kf1 Rxe2 31. Kxe2 1/2-1/2

[Event "Sant Adria de Besos op 13th"]
[Site "Sant Adria de Besos"]
[Date "2017.05.28"]
[Round "6"]
[White "Marches Rios, Joan Manuel"]
[Black "Ferre Campos, Josep"]
[Result "1/2-1/2"]
[WhiteElo "2186"]
[BlackElo "2076"]
[PlyCount "25"]
[EventDate "2017.04.23"]
[EventType "swiss"]
[EventRounds "9"]
[EventCountry "ESP"]
[SourceTitle "EXT 2018"]
[Source "ChessBase"]
[SourceDate "2017.10.13"]
[SourceVersion "1"]
[SourceVersionDate "2017.10.13"]
[SourceQuality "1"]

1. Nf3 d6 2. d4 g6 3. e4 Bg7 4. Nc3 a6 5. a4 b6 6. Bc4 e6 7. 0-0 Bb7 8. Bf4 Ne7 9. Qd2 h6 10. Be3 Nd7 11. Rfe1 Nf6 12. Bd3 Ng4 13. Bf4 1/2-1/2

[Event "Sant Adria de Besos op 13th"]
[Site "Sant Adria de Besos"]
[Date "2017.05.14"]
[Round "4"]
[White "Marches Rios, Joan Manuel"]
[Black "Hurtado Insa, Francesco"]
[Result "1-0"]
[WhiteElo "2186"]
[BlackElo "1995"]
[PlyCount "57"]
[EventDate "2017.04.23"]
[EventType "swiss"]
[EventRounds "9"]
[EventCountry "ESP"]
[SourceTitle "EXT 2018"]
[Source "ChessBase"]
[SourceDate "2017.10.13"]
[SourceVersion "1"]
[SourceVersionDate "2017.10.13"]
[SourceQuality "1"]

1. d4 b6 2. e4 e6 3. Nc3 Bb7 4. Bd3 Nf6 5. Nge2 Be7 6. 0-0 0-0 7. Ng3 d6 8. Qe2 e5 9. d5 c5 10. Nd1 h6 11. Nf5 Nbd7 12. Nde3 Kh7 13. Nxe7 Qxe7 14. Nf5 Qd8 15. Nxd6 Qc7 16. Nf5 Qd8 17. c4 Rg8 18. f4 Bc8 19. Qf3 g6 20. Nxh6 Kxh6 21. fxe5+ Kg7 22. exf6+ Kf8 23. Bh6+ Ke8 24. e5 Rh8 25. Bg7 Nxe5 26. Rae1 Rh5 27. Bxg6 Rg5 28. Qf4 Rxg6 29. Rxe5+ 1-0

[Event "Mataro Vinas Memorial 13th"]
[Site "Mataro"]
[Date "2017.05.13"]
[Round "3"]
[White "Marches Rios, Joan Manuel"]
[Black "Gisbert Mir, Alfonso"]
[Result "1/2-1/2"]
[WhiteElo "2069"]
[BlackElo "1932"]
[PlyCount "51"]
[EventDate "2017.04.22"]
[EventType "swiss"]
[EventRounds "8"]
[EventCountry "ESP"]
[SourceTitle "CBM 187 Extra"]
[Source "ChessBase"]
[SourceDate "2018.11.04"]
[SourceVersion "1"]
[SourceVersionDate "2018.11.04"]
[SourceQuality "1"]

1. d4 d5 2. c4 c6 3. Nc3 Nf6 4. Nf3 dxc4 5. a4 Bf5 6. e3 e6 7. Bxc4 Bb4 8. 0-0 0-0 9. Qe2 Nbd7 10. e4 Bg6 11. Bd3 h6 12. Bd2 Be7 13. e5 Bxd3 14. Qxd3 Nd5 15. Nxd5 exd5 16. e6 fxe6 17. Bxh6 Bf6 18. Qg6 Qe8 19. Qg4 Qf7 20. Rae1 Rae8 21. Bd2 b6 22. Qg3 Rc8 23. Qd6 Rfe8 24. a5 Nf8 25. axb6 axb6 26. Ne5 1/2-1/2

[Event "Llinars del Valles op-A 9th"]
[Site "Llinars del Valles"]
[Date "2015.06.13"]
[Round "9"]
[White "Ayats Llobera, Gerard"]
[Black "Marches Rios, Joan Manuel"]
[Result "0-1"]
[WhiteElo "2009"]
[BlackElo "2123"]
[PlyCount "86"]
[EventDate "2015.04.11"]
[EventType "swiss"]
[EventRounds "9"]
[EventCountry "ESP"]
[SourceTitle "EXT 2018"]
[Source "ChessBase"]
[SourceDate "2017.10.13"]
[SourceVersion "1"]
[SourceVersionDate "2017.10.13"]
[SourceQuality "1"]

1. e4 c6 2. Nc3 d5 3. Nf3 Bg4 4. d4 e6 5. h3 Bh5 6. g4 Bg6 7. exd5 cxd5 8. Bb5+ Nc6 9. Ne5 Rc8 10. h4 f6 11. Nxg6 hxg6 12. Qd3 Kf7 13. h5 gxh5 14. gxh5 Nge7 15. Bxc6 Rxc6 16. Ne2 Nf5 17. Ng3 Qe8 18. Bf4 Kg8 19. Nxf5 exf5+ 20. Kd2 Qe4 21. Bg3 g5 22. f3 Qxd3+ 23. Kxd3 f4 24. Bf2 Rh7 25. Rac1 b5 26. c3 Ra6 27. Ra1 Kf7 28. b3 f5 29. a4 bxa4 30. Rxa4 Rxa4 31. bxa4 Rh6 32. a5 g4 33. fxg4 fxg4 34. Rh4 Bd6 35. Rxg4 Rxh5 36. a6 Rh3+ 37. Kd2 Rh2 38. Ke2 Rh3 39. Rh4 Rxc3 40. Rh7+ Ke6 41. Rxa7 f3+ 42. Kd1 Bf4 43. Be3 Bxe3 0-1

[Event "Llinars del Valles op-A 9th"]
[Site "Llinars del Valles"]
[Date "2015.05.30"]
[Round "7"]
[White "Marches Rios, Joan Manuel"]
[Black "Costa Trave, Jaume"]
[Result "0-1"]
[WhiteElo "2123"]
[BlackElo "1995"]
[PlyCount "58"]
[EventDate "2015.04.11"]
[EventType "swiss"]
[EventRounds "9"]
[EventCountry "ESP"]
[SourceTitle "EXT 2016"]
[Source "ChessBase"]
[SourceDate "2015.10.08"]
[SourceVersion "1"]
[SourceVersionDate "2015.10.08"]
[SourceQuality "1"]

1. c4 c6 2. d4 d5 3. Nc3 dxc4 4. e3 b5 5. a4 Qb6 6. axb5 cxb5 7. b3 e5 8. bxc4 Bb4 9. Bd2 Bxc3 10. Bxc3 b4 11. c5 Qb7 12. Qa4+ Nc6 13. Bb5 Nge7 14. Bb2 Bd7 15. Nf3 0-0 16. Ba6 Qc7 17. Qb3 Be6 18. Bc4 Bxc4 19. Qxc4 exd4 20. exd4 Rfd8 21. 0-0 a5 22. Qb3 Nd5 23. Rfe1 Qd7 24. Qa4 h6 25. h3 Rdb8 26. Ne5 Nxe5 27. dxe5 Qe6 28. g3 Nb6 29. Qb5 Nc4 0-1

[Event "Sant Adria 7th"]
[Site "Sant Adria de Besos"]
[Date "2011.05.01"]
[Round "1.11"]
[White "Seijas Castro, Pedro"]
[Black "Marches Rios, Joan Manuel"]
[Result "0-1"]
[WhiteElo "1658"]
[BlackElo "2086"]
[PlyCount "72"]
[EventDate "2011.05.01"]
[EventType "swiss"]
[EventRounds "8"]
[EventCountry "ESP"]
[SourceTitle "EXT 2024"]
[Source "ChessBase"]
[SourceDate "2023.10.10"]
[SourceVersion "1"]
[SourceVersionDate "2023.10.10"]
[SourceQuality "1"]

1. d4 d5 2. Nf3 Nf6 3. Bf4 e6 4. e3 c5 5. c3 Nc6 6. Nbd2 Bd6 7. Ne5 Qc7 8. Ndf3 Ne4 9. Be2 f6 10. Nxc6 Bxf4 11. exf4 bxc6 12. Qc1 cxd4 13. cxd4 Qa5+ 14. Nd2 Bd7 15. f3 Nxd2 16. Qxd2 Qb6 17. Qc3 0-0 18. Rd1 Rab8 19. b3 Rfc8 20. 0-0 c5 21. Rf2 cxd4 22. Qxd4 Qxd4 23. Rxd4 Rc1+ 24. Bf1 Rbc8 25. Rdd2 Kf7 26. g3 e5 27. Kg2 Ke6 28. fxe5 fxe5 29. Bd3 h6 30. Rc2 Kd6 31. Rfd2 R8xc2 32. Bxc2 Kc5 33. a3 Bc6 34. Kf2 d4 35. Ke2 Rh1 36. Kd3 Bxf3 0-1